Revendo e reciclando a cultura cuiabana / (Record no. 1118)

MARC details
000 -LÍDER
Campo Fixo de Controle 00794nam a2200253 a 4500
001 - NÚMERO DE CONTROLE
Campo de Controle 1118
003 - IDENTIFICAÇÃO DO NÚMERO DE CONTROLE
Campo de Controle BR-CuiBMT
005 - DATA E HORA DA ÚLTIMA ATUALIZAÇÃO
Campo de Controle 20231128231337.0
008 - DADOS FIXOS
Dados Fixos 231126s2006 mtba 001 0 por d
020 ## - INTERNATIONAL STANDARD BOOK NUMBER
Nº do ISBN 8589991040
040 ## - AGÊNCIA CATALOGADORA
Código da Agência Catalogadora BR-CuiBMT
Agência que transcreveu o registro BR-CuiBMT
080 ## - Nº DA CLASSIFICAÇÃO DECIMAL UNIVERSAL
Nº edição CDU 2007
Nº Class. CDU 316.722
Subd. Auxiliar Comum (817.2)
090 ## - NÚMERO DE CHAMADA
Nº classificação 316.722(817.2)
Cutter M386r
Ano/Edição 2. ed.
100 1# - ENTRADA PRINCIPAL -- AUTOR PESSOAL
Nome pessoal Martins Júnior, Moisés Mendes,
Datas associadas ao nome 1941-
245 10 - TÍTULO PRINCIPAL
Título principal Revendo e reciclando a cultura cuiabana /
Indicação de responsabilidade Moisés Mendes Martins Júnior.
250 ## - EDIÇÃO
Edição 2. ed.
260 ## - PUBLICAÇÃO, DISTRIBUIÇÃO, ETC.
Local de publicação Cuiabá :
Editora Janina,
Data 2006.
300 ## - DESCRIÇÃO FÍSICA
N. páginas ou volumes 244 p. :
Ilustrações il., color. ;
Dimensões 21 cm
504 ## - NOTA DE BIBLIOGRAFIA, ETC.
Nota de bibliografia Inclui bibliografia e índice.
650 ## - ASSUNTO TÓPICO
Cabeçalho tópico ou nome geográfico Cultura
Subdivisão geral História
Subdivisão geográfica Cuiabá (MT)
650 ## - ASSUNTO TÓPICO
Cabeçalho tópico ou nome geográfico Gastronomia cuiabana
Subdivisão geográfica Mato Grosso
650 ## - ASSUNTO TÓPICO
Cabeçalho tópico ou nome geográfico Lingüística cuiabana
942 ## - ELEMENTOS DE ENTRADA ADICIONAIS (KOHA)
Fonte de classificação ou esquema de arquivamento Classificação Decimal Universal
Tipo de item do Koha Livros
Holdings
Estado: removido Estado: perdido Fonte de classificação ou esquema de arquivamento Estado: danificado Indisponível para empréstimo Localização permanente Localização atual Data de aquisição Total Checkouts Número de Chamada completo Código de barras Date last seen Número do exemplar Preço efetivo a partir de Tipo de item (Koha)
    Classificação Decimal Universal     Biblioteca da Escola Superior de Contas do TCE/MT Biblioteca da Escola Superior de Contas do TCE/MT 28/11/2023   316.722(817.2) M386r 2. ed. BIBTCEMT23111288 28/11/2023 Ex. 1 28/11/2023 Livros
    Classificação Decimal Universal     Biblioteca da Escola Superior de Contas do TCE/MT Biblioteca da Escola Superior de Contas do TCE/MT 28/11/2023   316.722(817.2) M386r 2. ed. BIBTCEMT23111289 28/11/2023 Ex. 2 28/11/2023 Livros
    Classificação Decimal Universal     Biblioteca da Escola Superior de Contas do TCE/MT Biblioteca da Escola Superior de Contas do TCE/MT 28/11/2023   316.722(817.2) M386r 2. ed. BIBTCEMT23111290 28/11/2023 Ex. 3 28/11/2023 Livros
    Classificação Decimal Universal     Biblioteca da Escola Superior de Contas do TCE/MT Biblioteca da Escola Superior de Contas do TCE/MT 28/11/2023   316.722(817.2) M386r 2. ed. BIBTCEMT23111291 28/11/2023 Ex. 4 28/11/2023 Livros
    Classificação Decimal Universal     Biblioteca da Escola Superior de Contas do TCE/MT Biblioteca da Escola Superior de Contas do TCE/MT 28/11/2023   316.722(817.2) M386r 2. ed. BIBTCEMT23111292 28/11/2023 Ex. 5 28/11/2023 Livros

Powered by Koha